00953nam a2200241Ia 4500001002100000003000900021008004100030040002300071041001300094100007100107245002200178250001500200260002800215300001900243490003000262501012400292520002900416700002200445942000700467957000600474999004100480952019000521232-IOA pa II (3486)IT-MiSPE171229s9999||||xx |||||||||||||| ||und|| aIT-MiSPEcIT-MiSPE aITALIANO aGiovanni Paolo II (Ioannes Paulus II (Karol Wojtyla))gpapa, santo 0aRedemptor hominis a1a ed. (v) aRomabEd. Paolinec1979 a137 p. c18 cm aDocumenti della Chiesav1 aEdizioni San Paolo srl - Piazza Soncino, 5 - 20092 CINISELLO BALSAMO (MI) (non commercial uses only) ® Copyright 2018 aBernhard Häring (com.) aBernhard Häring cBK 71 a8875bNOg Copie: 1 c341028d341028 0010406232IOA_PA_II_348671aCINISELLObCINISELLOd2017-12-30l0o232-IOA pa II (3486)r2017-12-30 00:00:00w2017-12-30yBKz(data import: 20 dicembre 2017) - By Epidotti, Vaglietti.